Riconosci il Pokémon - Quiz n°712 - Statistics

Statistiche generali
  • Questo quiz è stato fatto 1 volte
  • Il punteggio medio è 10 su 10
Statistiche sulle risposte
Indizio Riposta % Corretto
Altezza 0,6 m
100%
Peso 10,8 kg
100%
Tasso di cattura 120 (24.9%)
100%
Sesso 50% ♂, 50% ♀
100%
Tipo Buio / Fuoco
100%
Stadio evoluzione Forma Base
100%
Pokémon Houndour
100%
Tasso di allevamento Lento
100%
Generazione Seconda
100%
Abilità Sveglialampo; Fuocardore, Agitazione
100%
Nessun quiz corrispondente trovato
Distribuzione punteggi
Percentuale di utenti per punteggio
Percentile per numero di risposta
I tuoi punteggi nel tempo
Non hai fatto questo quiz